Incertitudes et décisions industrielles

Uloženo v:
Podrobná bibliografie
Hlavní autor: Mothes, Jean (auteur)
Médium: Kniha
Jazyk:francouzština
Vydáno: París Dunod 1967
Edice:Collection SIGMA, 10
Témata:
Tagy: Přidat tag
Žádné tagy, Buďte první, kdo vytvoří štítek k tomuto záznamu!

MARC

LEADER 00000nam a2200000 a 4500
001 UCT7443
003 CL-VaPUC
008 970117e19670000FR |||||||||||||||||fre|d
082 0 4 |a 519.2  |b MOT  |2 21 
100 |a Mothes, Jean  |e auteur  |9 378403 
245 1 0 |a Incertitudes et décisions industrielles 
300 |a 223 p 
942 |c BK 
945 |d 19970117 00:00:00  |a nastorga 
260 |a París  |b Dunod  |c 1967 
650 0 |a Métodos estadísticos   |9 259407 
650 0 |a Probabilidades   |9 260199 
650 0 |a Estimación   |9 373802 
650 7 |a ENLACES  |2 CL-VaPUC  |9 348841 
650 0 |a Lógica matemática   |9 262442 
583 |a last modification  |c 19970117 00:00:00  |k Rodrigo Vera 
490 0 |a Collection SIGMA, 10 
999 |c 256066  |d 256064 
952 |0 0  |1 0  |4 0  |6 519_200000000000000_MOT_1967  |7 0  |8 A  |9 278605  |a BIBGIM  |b BIBGIM  |d 2019-11-19  |i 3278255  |o 519.2 MOT 1967  |p 3278255  |r 2025-01-15  |w 2019-11-19  |y BK  |k COM 
952 |0 0  |1 0  |4 0  |6 519_200000000000000_MOT_1967  |7 0  |8 A  |9 278606  |a BIBGIM  |b BIBGIM  |d 2019-11-19  |i 1308440  |o 519.2 MOT 1967  |p 1308440  |r 2025-01-15  |w 2019-11-19  |y BK  |k EST